Culture générale 23 Juillet 2023 - Statistiques

Statistiques générales
  • Ce quiz a été pris 81 fois
  • Le résultat moyen est 6 sur 10
Statistiques - réponses
Questions Réponses Catégories % Correct
Quelle planète est aussi appelée la planète rouge ? Mars Science
96%
La cornemuse est l'instrument traditionnel de quel pays ? Écosse Culture
89%
Quelle île est rattaché au continent africain, dont il est séparé par le canal du Mozambique ? Madagascar Géographie
77%
Qui a fondée la ville d'Alexandrie en Égypte ? Alexandre le Grand Histoire
72%
Quelle épice provient de la fleur représentée sur l'image en haut de la page ? Safran Nature
66%
Dans la mythologie grecque, quel était le peuple de femmes guerrières proches des Scythes/Sarmates ? Amazones Culture
58%
Dans quel pays la consommation d'huile d'olive par habitant est la plus élevée ? Grèce Culture
55%
Quelle est la plus grande des îles grecques ? Crète Géographie
46%
Comment s'appelle un bain thermal public japonais ? Onsen Culture
20%
Comment s'appelle la maladie qui se caractérise par le développement excessif de la poitrine chez l'homme ? Gynécomastie Science
12%
Aucun quiz correspondant
Distribution des résultats
% des personnes avec chaque résultat
Percentile par nombre de réponses
Votre historique - résultats
Vous n’avez pas pris ce quiz